Gestion de capacitacion en La Nacion S.A : analisis y propuesta para incrementar su efectividad
Gespeichert in:
| 1. Verfasser: | |
|---|---|
| Weitere Verfasser: | |
| Format: | Buch |
| Veröffentlicht: |
San José, Costa Rica
1992
|
| Schlagworte: | |
| Tags: |
Tag hinzufügen
Keine Tags, Fügen Sie den ersten Tag hinzu!
|
MARC
| LEADER | 00000nam a2200000Ia 4500 | ||
|---|---|---|---|
| 003 | 007463 | ||
| 005 | 20221231144301.0 | ||
| 008 | 140114s1992 cr a m 000 ||s d | ||
| 040 | |c cru CEDI | ||
| 090 | |a TFG 3170 | ||
| 100 | |a Ramírez Arias, Orlando |9 11174 | ||
| 245 | |a Gestion de capacitacion en La Nacion S.A : analisis y propuesta para incrementar su efectividad | ||
| 260 | |c 1992 |a San José, Costa Rica | ||
| 300 | |a vi [311] hojas ; 28 cm. | ||
| 500 | |a Proyecto de graduacion (licenciatura en ingenieria industrial)--Universidad de Costa Rica. Facultad de Ingeniería. Escuela de Ingenieria Industrial | ||
| 650 | |x LA NACION (COSTA RICA) |x CAPACITACION DE EMPLEADOS |x COSTA RICA |x ADMINISTRACION |9 11176 | ||
| 700 | |9 11175 |a Vega Rodríguez, Rubén A. | ||
| 942 | |c TFG | ||
| 999 | |c 19571 |d 19571 | ||
